000 00287nam a2200109Ia 4500
008 190912s9999||||xx |||||||||||||| ||und||
100 _aDonald W.Kemper
245 0 _aKaiser Permanente Health Wise Handbook
260 _aCalifornia
_bKaiser Permanente
_c2016
300 _a376
942 _cBK
999 _c7406
_d7406